| 000 | 00537 a2200193 4500 | ||
|---|---|---|---|
| 020 | _a1565922697 | ||
| 040 |
_aDLC _bDLC |
||
| 100 | 1 | _aGarfinkel, Simson | |
| 245 | 0 | 0 |
_aWeb security and commerce _cSimson Garfinkel with Gene Spafford |
| 250 | _a1. ed. | ||
| 260 |
_aCambridge : _bO'Reilly, _c1997 |
||
| 300 |
_axx, 483 s. : _bill. |
||
| 650 | 7 |
_aWorld wide web _xComputersicherheit |
|
| 650 | 7 | _aWorld wide web | |
| 650 | 7 | _aInternet | |
| 700 | 1 | _aSpafford, Gene | |
| 740 | 0 | _aweb security and commerce | |
| 942 |
_cBK _k005.8 GAR _2ddc |
||
| 999 |
_c6643 _d6643 |
||